Riadenie zmien

Enregistré dans:
Détails bibliographiques
Auteur principal: Slávik, Štefan (Auteur)
Format: Livre
Langue:slovaque
Publié: Bratislava : Ekonóm, 2000
Édition:1. vyd.
Sujets:
Tags: Ajouter un tag
Pas de tags, Soyez le premier à ajouter un tag!

MARC

LEADER 00000nam a22000003a 4500
001 stu74645
005 20150617225647.1
008 020306s2000----xo------------------slo-d
020 |a 80-225-1194-3 
040 |a STU  |b slo 
041 0 |a slo 
044 |a xo 
080 |a 65.012.4 
100 1 |a Slávik, Štefan  |4 aut 
245 1 |a Riadenie zmien 
250 |a 1. vyd. 
260 |a Bratislava :  |b Ekonóm,  |c 2000 
300 |a 146 s 
650 7 |a teória riadenia  |2 stusub 
650 7 |a manažment strategický  |2 stusub 
650 7 |a riadenie zmien  |2 stusub 
996 |b 284M034950  |c M*10873-1  |l MMKN  |s A  |a 24  |w stu74645_0001